Countries ending in N - Statistics

General Stats
  • This quiz has been taken 366 times
  • The average score is 21 of 25
Answer Stats
Hint Answer % Correct
Asia Kazakhstan
92%
Asia Pakistan
92%
Asia Afghanistan
90%
Asia Japan
90%
Asia Tajikistan
90%
Asia Turkmenistan
90%
Asia Uzbekistan
89%
Asia Azerbaijan
88%
Asia Kyrgyzstan
88%
Asia Oman
88%
Asia Bhutan
86%
Europe Spain
85%
Asia Yemen
85%
Asia Iran
83%
Africa Benin
81%
Asia Jordan
81%
Africa Sudan
80%
Europe Sweden
80%
Asia Bahrain
78%
Africa South Sudan
78%
Asia Lebanon
76%
Africa Gabon
75%
Europe Liechtenstein
73%
Asia Taiwan
73%
Africa Cameroon
67%
No matching quizzes found
Score Distribution
Percent of People with Each Score
Percentile by Number Answered
Your Score History
You have not taken this quiz